00422nam a22001457a 4500003000500000020001000005038001100015082001900026100002700045245005500072260003700127300001300164880004300177880005600220NUST c(Hbk) aShaban a954.54918bWHE aWheelar, Sarmor Taimor awadi sindh aor tahzebein \cSarmor Taimor Wheelar  aLahore -:bUjala printer,c2003. a176 p. ; 6100-02\raسرمورٹیمروھیلر 6245-02\raوادئ سندھ اور تہذیبیں